Loading...
| History - Other History | 1 | 2 | 1 | 2 | 30 | 72 | 108.33 | 1 | 3 |
| History - World History | 1 | 1 | 1 | 0 | 20 | 45 | 76.00 | 1 | 2 |
| Current Events | 0 | 2 | 0 | 0 | 20 | 95 | 104.50 | 1 | 2 |
| Social Science | 1 | 0 | 0 | 0 | 15 | 38 | 38.00 | 1 | 1 |
| Fine Arts - Other Fine Arts | 0 | 2 | 1 | 0 | 15 | 94 | 120.00 | 2 | 2 |
| Literature - World Literature | 0 | 1 | 0 | 0 | 10 | 119 | 119.00 | 0 | 1 |
| History - American History | 1 | 1 | 3 | 0 | 10 | 66 | 86.50 | 1 | 2 |
| Pop Culture | 0 | 1 | 0 | 0 | 10 | 88 | 88.00 | 1 | 1 |
| Literature - American Literature | 0 | 1 | 0 | 0 | 10 | 118 | 118.00 | 0 | 1 |
| Mythology | 0 | 1 | 0 | 1 | 10 | 135 | 135.00 | 0 | 1 |
| Literature - European Literature | 0 | 1 | 0 | 1 | 10 | 135 | 135.00 | 0 | 1 |
| History - European History | 0 | 1 | 1 | 0 | 5 | 132 | 132.00 | 0 | 1 |
| Religion | 0 | 1 | 1 | 0 | 5 | 130 | 130.00 | 1 | 1 |
| Fine Arts - Visual Fine Arts | 0 | 0 | 0 | 0 | 0 | 0.00 | 0 | 0 | |
| Literature - British Literature | 0 | 1 | 2 | 0 | 0 | 140 | 140.00 | 0 | 1 |
| Fine Arts - Auditory Fine Arts | 0 | 0 | 1 | 0 | -5 | 0.00 | 0 | 0 |